000 00370nam a2200145 i 4500
001 bg
100 1 _aTURSKA, Eligia
245 0 _aPostępy w dziedzinie kopolikondensacji /
_cEligia Turska, Stefan Boryniec.
260 _aWarszawa,
_c1979.
700 1 _aBORYNIEC, Stefan
040 _cBPK
041 _apol
942 _cKS
008 s pl f |000 0 pol
999 _c19223
_d19223
856 _uhttp://koha.tu.koszalin.pl/cgi-bin/koha/opac-detail.pl?biblionumber=19223
_yKatalog online BPK